000
00253nam a22000977a 4500
008
251201b |||||||| |||| 00| 0 eng d
020
_a
9789369573806
100
_a
MTG
_9
7733
245
_a
MTG CBSE 15 SAMPLE QUESTION PAPERS
260
_a
New Delhi
_b
MTG
_c
2026
999
_c
12838
_d
12838